| 000 | 01130na a2200325 4500 | ||
|---|---|---|---|
| 001 | 13035 | ||
| 003 | MIRAKIL | ||
| 005 | 20181213155306.0 | ||
| 008 | 160817b tu 000 0 | ||
| 020 | _a9786053990406 | ||
| 035 | _a13035 | ||
| 040 |
_aMilas _btur _cTR-AnCHP |
||
| 041 | _aeng | ||
| 082 |
_a304.80561 _bL25d 2009 |
||
| 090 | _a304.80561 L25d 2009 | ||
| 245 |
_aLand of diverse migrations _bChallenges of emigration and immigration in Turkey _cedited by: Ahmet İçduygu, Kemal Kirişçi |
||
| 246 | _aChallenges of emigration and immigration in Turkey | ||
| 260 |
_aİstanbul _bİstanbul Bilgi Üniversitesi Yayınları _c2009 |
||
| 300 |
_axxviii, 825 s. _btbl. _c23 sm. |
||
| 490 |
_aMigration Research _v10 |
||
| 490 |
_aİstanbul Bilgi Üniversitesi yayınları _v236 |
||
| 504 | _aKaynakça ve dizin var. | ||
| 650 |
_aTürkler _y20. yüzyıl _zAvrupa |
||
| 650 |
_aTürkler _y20. yüzyıl _zABD |
||
| 650 |
_aGöç ve göçmenler _y20. yüzyıl _zTürkiye |
||
| 651 |
_aTürkiye _xGöç ve göçmenler _y20. yüzyıl |
||
| 700 | _aKirişçi, Kemal | ||
| 700 | _aİçduygu, Ahmet | ||
| 942 |
_2ddc _cBKS |
||
| 999 |
_c10094 _d10094 |
||